000 01618nam a2200241Ia 4500
999 _c39834
_d39834
001 6439
003 GE_BSU
005 20190621184102.0
008 181216s1985||||ge |||||||||||||| ||geo||
041 _ageo
080 _a621.3(076.1) ლ-13
245 _aლაბორატორიული სამუშაოები ელექტროტექნიკისა და ელექტრონიკის საფუძვლებში : მეორე ნაწილი :
_bმეთოდური მითითებები /
_cშემდგ : პ.მერაბიშვილი ; ბ.გოგოლაძე ; გ.კოხრეიძე ; და სხვ. რედ : მ.ძიძიგური.
264 _aთბილისი :
_bსპი,
_c1985.
300 _a89 გვ .:
_bნახაზ ;
_c20 სმ.
504 _aბიბლიოგრ.:გვ.88
653 _aელექტროტექნიკა და ელექტრონიკის საფუძვლები
653 _aლაბორატორიული სამუშაოები ელექტროტექნიკისა და ელექტრონიკის საფუძვლებში
700 _aმერაბიშვილი, პ
_eშემდგენელი
_92765
700 _aგოგოლაძე, ბ
_eშემდგენელი
_92766
700 _aკოხრეიძე, გ
_eშემდგენელი
_92750
700 _aძიძიგური, მ
_eრედაქტორი
_9472
942 _cBK
_2udc